| 000 | 00485nam a22001817a 4500 | ||
|---|---|---|---|
| 003 | OSt | ||
| 005 | 20251003083812.0 | ||
| 008 | 251003b |||||||| |||| 00| 0 eng d | ||
| 020 | _a8130902656 | ||
| 040 |
_aLC _cJCSC |
||
| 050 |
_aJZ 5588 _b.S54 2006 |
||
| 100 | _aMichael Sheehan | ||
| 245 |
_aInternational security : _ban analytical survey / _cSheehan M. |
||
| 260 |
_aNew delhi : _bViva books ; _c2006. |
||
| 300 | _a201 pages. | ||
| 504 | _aIncludes index. | ||
| 942 |
_2lcc _cBK _n0 |
||
| 999 |
_c22589 _d22589 |
||